000 00355nam a2200145Ia 4500
005 20250405171540.0
008 240331s9999 xx 000 0 und d
082 _bSIV
_a894
100 _aSivathambi,K
245 0 _aMathamum kavidayum
260 _aColombo
_bColombo Tamil Sangam
_c2000
300 _a32 p .,
500 _aMathamum Kavithaikal
942 _cL
999 _c5008
_d5008